| 000 | 00000nam 2200000zi 4500 |
| 001 | 9.934202 |
| 003 | CaOODSP |
| 005 | 20250115135745 |
| 006 | m o d f |
| 007 | cr cn||||||||| |
| 008 | 240220s2024####onc o f000 0 eng d |
| 020 | |a9780660703947 |
| 040 | |aCaOODSP|beng|erda|cCaOODSP |
| 043 | |an-cn--- |
| 086 | 1 |aCi4-204/2024E-PDF |
| 245 | 00|aWhat is the open work permit for vulnerable workers? |
| 264 | 1|a[Ottawa] : |bImmigration, Refugees and Citizenship Canada = Immigration, réfugiés et citoyenneté Canada, |c[2024] |
| 300 | |a1 online resource (1 page) |
| 336 | |atext|btxt|2rdacontent |
| 337 | |acomputer|bc|2rdamedia |
| 338 | |aonline resource|bcr|2rdacarrier |
| 500 | |aIssued also in French under title: Qu'est-ce qu'un permis de travail ouvert pour les travailleurs vulnérables? |
| 500 | |a"IRCC 3668-06-2024." |
| 650 | 0|aForeign workers|xAbuse of|xGovernment policy|zCanada. |
| 650 | 0|aForeign workers|xEmployment|xGovernment policy|zCanada. |
| 710 | 1 |aCanada. |bImmigration, Refugees and Citizenship Canada, |eissuing body. |
| 775 | 08|tQu'est-ce qu'un permis de travail ouvert pour les travailleurs vulnérables?|w(CaOODSP)9.934204 |
| 775 | 08|t[What is the open work permit for vulnerable workers?]|w(CaOODSP)9.934206 |
| 775 | 08|t[What is the open work permit for vulnerable workers?]|w(CaOODSP)9.934208 |
| 775 | 08|t[What is the open work permit for vulnerable workers?]|w(CaOODSP)9.934210 |
| 775 | 08|t[What is the open work permit for vulnerable workers?]|w(CaOODSP)9.934211 |
| 775 | 08|t[What is the open work permit for vulnerable workers?]|w(CaOODSP)9.934213 |
| 775 | 08|t¿Qué es un permiso de trabajo abierto para trabajadores vulnerables?|w(CaOODSP)9.934214 |
| 775 | 08|tAno ang open work permit para sa mga bulnerableng manggagawa?|w(CaOODSP)9.934215 |
| 775 | 08|t[What is the open work permit for vulnerable workers?]|w(CaOODSP)9.946930 |
| 795 | |tWhat is the open work permit for vulnerable workers?|w(CaOODSP)9.884851 |
| 856 | 40|qPDF|s71 KB|uhttps://publications.gc.ca/collections/collection_2024/ircc/Ci4-204-2024-eng.pdf |